Propuesta de sistema web, para comercialización de productos de la Empresa Súper Repuestos
Presenta una propuesta de diseño de un sistema web para la comercialización de repuestos para atender pedidos de clientes de Súper repuestos, por la vía de internet. Este permitirá controlar el proceso de registro de clientes para realizar pedidos en línea, así mismo, también se pretende min...
| Main Authors: | , |
|---|---|
| Other Authors: | |
| Format: | Tesis Section = Libro |
| Language: | Undetermined Spanish |
| Published: |
Managua
UNI
2011
|
| Subjects: |
| LEADER | 01210nam a2200265Ia 4500 | ||
|---|---|---|---|
| 008 | 240830s9999 xx 000 0 und d | ||
| 040 | |a BIBLIOTECA-RUSB/ T.Mon 004.25 R173 | ||
| 041 | |a spa | ||
| 082 | |a T.Mon 004.25 R173 | ||
| 100 | 1 | |a Ramírez Alvarado, Scarleth Lisseth | |
| 100 | 1 | |b Camacho Rizo, Juan José | |
| 245 | 1 | 0 | |a Propuesta de sistema web, para comercialización de productos de la Empresa Súper Repuestos |
| 260 | |a Managua |b UNI |c 2011 | ||
| 300 | |a 48 p. :il. | ||
| 502 | |a Tesis (Ingeniero en Computación) - UNI, 2011. | ||
| 520 | 3 | |a Presenta una propuesta de diseño de un sistema web para la comercialización de repuestos para atender pedidos de clientes de Súper repuestos, por la vía de internet. Este permitirá controlar el proceso de registro de clientes para realizar pedidos en línea, así mismo, también se pretende minimizar los tiempos de respuestas a los clientes desde quien se registra el pedido en el sistema. | |
| 650 | 7 | |a SISTEMA WEB | |
| 650 | 7 | |b INTERNET | |
| 650 | 7 | |c INTERFAZ | |
| 650 | 7 | |d BASES DE DATOS | |
| 650 | 7 | |e DESARROLLO DE SOFTWARE | |
| 700 | 1 | |a Tutor: |b Nororí Paguaga, Verónica | |
| 942 | |c BK |2 ddc | ||
| 991 | |a TESIS | ||
| 999 | |c 21571 | ||